000 01120 am a2200373 a 4500
005 20240507084212.0
008 100304s1998||||ag a f |||| 001 0 spa d
020 _a9500601478
041 _aspa
092 _c611.718
_l8
_sBOU
100 1 _aBouchet, Alain.
_9104
245 _aAnatomía Descriptiva, Topográfica y Funcional.
_bMiembros Inferiores /
_cAlain Bouchet
250 _a1a ed.
_bTraducción Ernesto Brik ; Germán Niedfeld y Antonio Méndez Anell
260 _aBuenos Aires:
_bEditorial Médica Panamericana;
_c1998.
300 _a296 p.
500 _aBouchet, A. y Cuilleret, J. (1998). Anatomía descriptiva, topográfica y funcional. Miembros inferiores. (1a ed.). Buenos Aires : Editorial Médica Panamericana.
653 _aMiembros inferiores
653 _aCadera
653 _aMuslo
653 _aRodilla
653 _aPierna
653 _aGarganta del pie
653 _aPie
700 1 _aCuilleret, Jacques.
_9105
930 _a106
930 _a107
930 _a135
930 _a656
930 _a657
930 _a658
930 _a659
930 _a660
942 _2ddc
_cBK
999 _c30
_d30